<?xml version="1.0" encoding="UTF-8"?>
<record
    xmlns:xsi="http://www.w3.org/2001/XMLSchema-instance"
    xsi:schemaLocation="http://www.loc.gov/MARC21/slim http://www.loc.gov/standards/marcxml/schema/MARC21slim.xsd"
    xmlns="http://www.loc.gov/MARC21/slim">

  <leader>00683nam a2200205 i 4500</leader>
  <controlfield tag="001">sa 63002599 </controlfield>
  <controlfield tag="003">DLC</controlfield>
  <controlfield tag="005">20260227111935.0</controlfield>
  <controlfield tag="008">850219s1962    ii            00010 hino </controlfield>
  <datafield tag="010" ind1=" " ind2=" ">
    <subfield code="a">sa 63002599 //r85</subfield>
  </datafield>
  <datafield tag="043" ind1=" " ind2=" ">
    <subfield code="a">a-ii---</subfield>
  </datafield>
  <datafield tag="050" ind1="0" ind2=" ">
    <subfield code="a">PK2101.M28</subfield>
    <subfield code="b">S53</subfield>
  </datafield>
  <datafield tag="100" ind1="1" ind2="0">
    <subfield code="a">Singh, Brij Bhushan,</subfield>
    <subfield code="d">1931-</subfield>
  </datafield>
  <datafield tag="245" ind1="1" ind2="0">
    <subfield code="a">Mah&#x101;ko&#x15B;ala ke s&#x101;hityak&#x101;ra :</subfield>
    <subfield code="b">Mah&#x101;ko&#x15B;ala Hind&#x12B; s&#x101;hitya k&#x101; &#x101;&#xF1;calika itih&#x101;sa /</subfield>
    <subfield code="c">Brajabh&#x16B;sha&#x1E47;a Si&#x1E43;ha "&#x100;dar&#x15B;a".</subfield>
  </datafield>
  <datafield tag="250" ind1=" " ind2=" ">
    <subfield code="a">1. sa&#x1E43;skara&#x1E47;a.</subfield>
  </datafield>
  <datafield tag="260" ind1="0" ind2=" ">
    <subfield code="a">S&#x101;gara :</subfield>
    <subfield code="b">Y&#x101;dava Buka St&#x101;la,</subfield>
    <subfield code="c">1962.</subfield>
  </datafield>
  <datafield tag="300" ind1=" " ind2=" ">
    <subfield code="a">168 p. ;</subfield>
    <subfield code="c">22 cm.</subfield>
  </datafield>
  <datafield tag="500" ind1=" " ind2=" ">
    <subfield code="a">In Hindi.</subfield>
  </datafield>
  <datafield tag="650" ind1=" " ind2="0">
    <subfield code="a">Hindi literature</subfield>
    <subfield code="z">India</subfield>
    <subfield code="z">Madhya Pradesh</subfield>
    <subfield code="x">History and criticism.</subfield>
  </datafield>
  <datafield tag="999" ind1=" " ind2=" ">
    <subfield code="c">54549</subfield>
    <subfield code="d">54549</subfield>
  </datafield>
</record>
